Loading...
| Social Science | 2 | 2 | 1 | 0 | 45 | 8 | 76.75 | 2 | 2 | 0.00 | 0.00 |
| Modern World | 3 | 0 | 0 | 0 | 45 | 32 | 53.33 | 2 | 2 | 0.00 | 0.00 |
| History - World | 1 | 2 | 0 | 1 | 35 | 42 | 100.00 | 0 | 1 | 0.00 | 0.00 |
| Philosophy | 0 | 3 | 0 | 1 | 30 | 128 | 137.00 | 0 | 0 | 0.00 | 0.00 |
| Fine Arts - Other Arts | 1 | 1 | 0 | 0 | 25 | 60 | 92.00 | 0 | 1 | 0.00 | 0.00 |
| History - Other | 1 | 1 | 0 | 0 | 25 | 68 | 99.50 | 0 | 0 | 0.00 | 0.00 |
| History - American | 2 | 0 | 2 | 0 | 20 | 11 | 20.50 | 2 | 2 | 0.00 | 0.00 |
| Literature - American | 0 | 2 | 1 | 1 | 15 | 108 | 140.50 | 0 | 0 | 0.00 | 0.00 |
| History - European | 0 | 2 | 1 | 0 | 15 | 110 | 111.00 | 0 | 0 | 0.00 | 0.00 |
| Other Culture | 1 | 0 | 0 | 0 | 15 | 35 | 35.00 | 1 | 1 | 0.00 | 0.00 |
| Religion | 0 | 2 | 1 | 2 | 15 | 132 | 146.50 | 0 | 0 | 0.00 | 0.00 |
| Literature - World | 0 | 1 | 0 | 0 | 10 | 134 | 134.00 | 0 | 0 | 0.00 | 0.00 |
| Other Academic | 0 | 1 | 0 | 0 | 10 | 99 | 99.00 | 0 | 1 | 0.00 | 0.00 |
| Science - Chemistry | 0 | 0 | 0 | 0 | 0 | 0.00 | 0 | 0 | 0.00 | 0.00 | |
| Science - Biology | 0 | 0 | 0 | 0 | 0 | 0.00 | 0 | 0 | 0.00 | 0.00 | |
| Literature - European | 0 | 0 | 0 | 0 | 0 | 0.00 | 0 | 0 | 0.00 | 0.00 | |
| Geography | 0 | 0 | 1 | 0 | -5 | 0.00 | 0 | 0 | 0.00 | 0.00 | |
| Literature - British | 0 | 0 | 2 | 0 | -10 | 0.00 | 0 | 0 | 0.00 | 0.00 |